| 000 | 00761nam a22002177a 4500 | ||
|---|---|---|---|
| 005 | 20250315092518.0 | ||
| 008 | 250315b ||||| |||| 00| 0 eng d | ||
| 020 | _a9780367424022 | ||
| 040 | _cAIMIT LIBRARY | ||
| 082 |
_21 _a658.4038011 _bPUTD |
||
| 100 |
_aPutler, Daniel S. _9206528 |
||
| 245 |
_aCustomer business analytics : _bapplied data mining for business decision making using R. _cBy Daniel S Putler and Robert E Krider. |
||
| 250 | _a1st ed. | ||
| 260 |
_aNew York : _bCRC Press , _c2020. |
||
| 300 |
_axxvi,289p. ; _bPB _c24.6 cm |
||
| 650 |
_aPurpose and process _9206529 |
||
| 650 |
_aPredictive modeling tools _9206530 |
||
| 650 |
_vGrouping methods _9206531 |
||
| 700 |
_aKrider, Robert E. _9206532 |
||
| 942 |
_2ddc _cBK _e1st _k658.4038011 PUTD |
||
| 999 |
_c233955 _d233955 |
||